Responses for Show #664 - Thursday, June 25, 1987

Contestants

[<< previous game]

Renee Pennington, a word processing center supervisor from New York City, New York

Ray Allex, a ticket seller from Los Angeles, California

Myra Backner, an office worker from Stoughton, Massachusetts

[next game >>]

Jeopardy! Round responses

FIRST LINES
WILD WEST
TV THEMES
(Alex: An all audio category.)
CARS BY THE NUMBER
(Alex: There are cars that are currently marketed.)
"F" WORDS
THOSE DARN OYSTERS
    $100 1
"The Battle Hymn of the Republic"

Ray
    $100 16
(Ray: What are carrier pigeons?)

roadrunners

MyraRay
    $100 11
The Odd Couple

Renee
    $100 21
(Alex: that's it, we've got a minute to go.)

Mazda

Ray
    $100 2
fouls

Ray
    $200 7
The Old Man and the Sea

Ray
    $200 17
Texas

Ray
    $200 12
The Smothers Brothers Comedy Hour

Triple Stumper
    $200 22
Mercedes

Renee
    $200 3
(Renee: What is to foot?)

fill

Renee
Triple Stumper
    $300 8
A Christmas Carol

Myra
    $300 18
a card game

Ray
    $300 13
(Myra: What is Wild West?)
(Alex: Wild West?)
(Myra: [*].)

The Wild Wild West

Myra
    $300 23
Porsche

Ray
    $300 4
to flex

Myra
    $300 24
eat them

Triple Stumper
    $400 9
(Myra: What is "Casey at Bat"?)
[Accepted without correction]

"Casey at the Bat"

Myra
    $400 19
The Great Train Robbery

Ray
    $400 14
(Myra: What is McHale's Navy?)

Gomer Pyle, U.S.M.C.

Myra
Triple Stumper
    $400 26
[End-of-round signal sounds]

BMW

Ray
    $400 5
a flaw

Ray
    $400 25
(Ray: What is commit suicide?)
(Myra: What is mate by themselves?)

they change their sex

MyraRay
Triple Stumper
    $400 10
(Myra: No idea.)
(Alex: It was more popular as a movie, of course. [*].)

Jaws

Myra
    $500 20
Ned Buntline

Ray
    $500 15
(Alex: I'm glad you didn't get this one. It's the theme from a popular television series this year, [*]. It's "Runaway" by Del Shannon.)

Crime Story

Triple Stumper
    $500 6
fear

Renee

Scores at the first commercial break (after clue 13):

Myra Ray Renee
$900 $800 $400

Scores at the end of the Jeopardy! Round:

Myra Ray Renee
$200 $2,500 $600

Double Jeopardy! Round responses

SCIENCE
PEOPLE
WORLD CAPITALS
COOKING
SLAVERY
LAST LINES
    $200 26
galvanizing

Triple Stumper
    $200 9
Dr. Ruth

Ray
    $200 4
Burma

Ray
    $200 1
almonds

Renee
    $200 18
Ethiopia

Renee
    $200 2
A Christmas Carol

Myra
    $400 27
(Ray: They don't have gills. What is they need to breathe?)

(1 of) to avoid sinking or drowning

Ray
Triple Stumper
    $400 10
(Myra: What is "A Marital Manual, a Sex Guide"?)

Mein Kampf

MyraRenee
    $400 5
(Renee: What is..I'm sorry.)

Bucharest

RayRenee
    $400 3
Donahue

Ray
    $400 19
other slaves

Myra
    $400 11
"The Tell-Tale Heart"

Renee
    $600 28
[End-of-round signal sounds]

3

Triple Stumper
    $600 15
Olivia Newton-John

Myra
    $600 6
Nigeria

Ray
    $600 23
(Ray: I'll take a guess, a composer.)
(Alex: Sorry.)
(Ray: What is [*]?)
...
(Alex: Ray had it, but he remembered too late. We've got a minute to go.)

a composer

MyraRay
    $600 20
(Renee: Who is Philip?)

Ferdinand

Renee
Triple Stumper
    $600 12
Tom Jones

Renee
    $800 16
Rich Hall

Triple Stumper
    $800 7
(Duke of) Wellington

Ray
    $800 24
a pig

Myra
    $400 21
(What is Arkansas?)

Missouri

Myra
    $800 13
A Star is Born

Ray
    $500 17
(Myra: Who is FDR?)

Robert Ripley ("Believe It or Not!")

Myra
    $1000 8
CuraƧao

Triple Stumper
    $1000 25
stuff them

Triple Stumper
    $1000 22
Haiti

Ray
    $1000 14
Dracula

Triple Stumper

Scores at the end of the Double Jeopardy! Round:

Myra Ray Renee
$1,500 $5,900 $1,400
(lock game)

[wagering suggestions for these scores]

Final Jeopardy! Round responses

THE CABINET
ReneeWhat are Secretary of Treasuery and Secretary of State?
$1,300
MyraWhat are Treasury & Secretary of State?
$200
RayWhat is State & War
$1,100
(2 of) Secretary of State, Treasury, War and Attorney General

Final scores:

Myra Ray Renee
$1,700 $7,000 $2,700
3rd place: an electronic piano New champion: $7,000 2nd place: a trip for 2 to Jamaica

Game dynamics:

Coryat scores:

Myra Ray Renee
$2,800 $5,900 $1,400
10 R,
6 W
(including 3 DDs)
19 R,
4 W
8 R,
3 W

Combined Coryat: $10,100

[game clues] [game scores] [suggest correction]

Game tape date: Unknown
The J! Archive is created by fans, for fans. Scraping, republication, monetization, and malicious use prohibited; this site may use cookies and collect identifying information. See terms. The Jeopardy! game show and all elements thereof, including but not limited to copyright and trademark thereto, are the property of Jeopardy Productions, Inc. and are protected under law. This website is not affiliated with, sponsored by, or operated by Jeopardy Productions, Inc. Join the discussion at JBoard.tv.